000 00334nam a2200133Ia 4500
008 240624s9999 xx 000 0 und d
041 _aeng
082 _a006.74 FIN
100 _aFINKELSTEIN CLIVE
245 _aBUILDING CORPORATE PORTALS WITH XML
260 _c2000
_aNew Delhi
_bTata McGrawhill
300 _axxvii, : 529
365 _cRS
999 _c729
_d729